000 00875pam a2200241 a 4500
999 _c57509
_d57509
001 1560781
005 20211129130850.0
008 920803s1992 ne b 101 0 eng
020 _a9780444896742
041 _aeng
080 _a515.1+514 R-35
245 0 0 _aRecent progress in general topology /
_cedited by Miroslav Hušek, Jan van Mill.
264 _aNew York :
_bNorth-Holland,
_c1992.
300 _a796 p. ;
_c25 cm.
500 _aPapers from Prague Toposym 1991, held in Prague, Czechoslovakia, Aug. 19-23, 1991.
504 _aIncludes bibliographical references and index.
650 0 _aTopology
_xCongresses.
_98912
653 _aმათემატიკა
653 _aტოპოლოგია
700 1 _aHušek, Miroslav,
_d
_eრედაქტორი
_98913
700 1 _aMill, J. van.
_eრედაქტორი
_98914
942 _2udc
_cBK